000 00531nam a2200169Ia 4500
008 181130s2018 xx 000 0 und d
100 _aBhatia, Mamta
100 _aDutt, Diya and Cuevas, Danixia
245 _aFrom local to global:
_bcommunity colleges in India and America to expand their geographic footprints
260 _c2018
300 _ap.23-26.
504 _d9-Jul
650 _aColleges and Universities
650 _aCommunity colleges - India
773 _aUniversity News
906 _aColleges and Universities
999 _c506944
_d506944